Glaciares, cambio climático y desastres naturales : ciencia y sociedad en el Perú /
Estudio de la pérdida de glaciares en la cordillera peruana de los Andes; se analiza el fenómeno desde la década de 1970, refiriendo los acontecimientos que han tenido lugar en los últimos cincuenta años, como las avalanchas, aluviones y aludes, así como las consecuencias que ha experimentado la pob...
Kaydedildi:
| Yazar: | |
|---|---|
| Materyal Türü: | Kitap |
| Dil: | İspanyolca |
| Baskı/Yayın Bilgisi: |
Lima, Perú :
Insntituto Francés de Estudios Andinos : Instituto de Estudios Peruanos,
2014, c2014
|
| Konular: | |
| Etiketler: |
Etiket eklenmemiş, İlk siz ekleyin!
|
MARC
| LEADER | 00000nam^a2200000^a^4500 | ||
|---|---|---|---|
| 001 | 000415275 | ||
| 005 | 20250521000000.0 | ||
| 009 | 20260310122254.102 | ||
| 020 | |a 978-9972-623-88-2 | ||
| 037 | |a Acervo ITESO - Biblioteca | ||
| 041 | |a ESP | ||
| 082 | |a 551. 3120985 |b CAR | ||
| 100 | |a Carey, Mark |e (autor) | ||
| 245 | 1 | 0 | |a Glaciares, cambio climático y desastres naturales : |b ciencia y sociedad en el Perú / |c M. Carey ; tr. por Jorge Bayona. |
| 264 | 4 | |a Lima, Perú : |b Insntituto Francés de Estudios Andinos : |b Instituto de Estudios Peruanos, |c 2014, c2014 | |
| 300 | |a 343 p. | ||
| 336 | |a texto |b txt |2 rdacontenido | ||
| 337 | |a sin mediación |b n |2 rdamedio | ||
| 338 | |a volumen |b nc |2 rdasoporte | ||
| 500 | |a Traducción de: In the Shadow of Melting Glaciers: Climate Change and Andean Society | ||
| 520 | |a Estudio de la pérdida de glaciares en la cordillera peruana de los Andes; se analiza el fenómeno desde la década de 1970, refiriendo los acontecimientos que han tenido lugar en los últimos cincuenta años, como las avalanchas, aluviones y aludes, así como las consecuencias que ha experimentado la población y las respuestas que la sociedad andina ha dado a estos: se presentan también los proyectos de ingeniería desarrollados para controlar las amenazas de desborde e inundación provocados por las lagunas glaciares. Se indaga sobre los procesos de adaptación o no adaptación colectiva al cambio climático, con la finalidad de prevenir desastres naturales. | ||
| 521 | |a FIL 2019 EEnlace Centro Interdisciplinario para la Formación y Vinculación Social | ||
| 649 | |a XX | ||
| 650 | |a Sociedad - |z Perú | ||
| 650 | |a Glaciares - |z Perú - |x Tema Principal | ||
| 650 | |a Desastres Naturales - |x Prevención | ||
| 650 | |a Cambio Climático - |z Perú - |x Aspectos Sociales y Culturales | ||
| 650 | |a Glaciología | ||
| 650 | |a Hidrología | ||
| 650 | |a Ciencias de la Tierra | ||
| 650 | |a Sociología del Conocimiento | ||
| 910 | |a Fondo General | ||
| 920 | |a Impresos - Libros | ||
| 930 | |a Colección General | ||
| 905 | |a 101 | ||
| 901 | |a 0500324753 |b IT1 |c ACC |i C168622 |u 20250521 | ||
| 902 | |a https://opac.biblio.iteso.mx/vufind/Record/000415275 | ||